Comuni della provincia di Forlì-Cesena - con mappa - Statistics

Statistiche generali
  • Questo quiz è stato fatto 87 volte
  • Il punteggio medio è 20 su 30
Risposte nella Mappa
Le risposte nella mappa del quiz sottostante sono codificate secondo una scala di colori dal rosso al verde in base alla % di persone che hanno risposto correttamente.
 
Statistiche sulle risposte
Risposta % Corretto
CESENA
100%
FORLÌ
100%
Cesenatico
94%
Forlimpopoli
90%
Bagno di Romagna
88%
Predappio
84%
Gatteo
82%
Bertinoro
74%
Mercato Saraceno
74%
Santa Sofia
74%
Savignano sul Rubicone
72%
Castrocaro Terme e Terra del Sole
70%
Sarsina
68%
Meldola
66%
San Mauro Pascoli
66%
Gambettola
62%
Verghereto
62%
Modigliana
60%
Civitella di Romagna
58%
Dovadola
58%
Longiano
58%
Tredozio
58%
Galeata
56%
Premilcuore
56%
Rocca San Casciano
50%
Sogliano al Rubicone
50%
Roncofreddo
46%
Borghi
44%
Montiano
44%
Portico e San Benedetto
40%
Nessun quiz corrispondente trovato
Distribuzione punteggi
Percentuale di utenti per punteggio
Percentile per numero di risposta
I tuoi punteggi nel tempo
Non hai fatto questo quiz